Doing your business research project
Guardat en:
| Autor principal: | |
|---|---|
| Format: | Llibre |
| Idioma: | anglès |
| Publicat: |
Sage
2015
|
| Etiquetes: |
Afegir etiqueta
Sense etiquetes, Sigues el primer a etiquetar aquest registre!
|
MARC
| LEADER | 00000nam a22000007a 4500 | ||
|---|---|---|---|
| 008 | 211124b ||||| |||| 00| 0 eng d | ||
| 020 | |a 9781849200226 | ||
| 100 | |a BEECH, John | ||
| 245 | |a Doing your business research project |c John Beech |g xiii,172p.:ill. | ||
| 260 | |b Sage |c 2015 |h Los Angeles |i 693464 |l HD30.4B38 |m Business--Research--Methodology |m Dissertations, Academic--Authorship | ||
| 500 | |a It includes index and references | ||
| 942 | |a lcc |c BK |e Kuteyi, M. A. |f 24/11/2021 | ||
| 952 | |0 0 |1 0 |2 lcc |4 0 |6 HD00304 B38 |7 0 |9 3922 |a HOL |b HOL |c GJ |d 2021-11-24 |l 0 |o HD30.4.B38 |p 2021-67645 |r 2021-11-24 00:00:00 |w 2021-11-24 |y BK | ||
| 999 | |c 1960 |d 1960 | ||